000 02499nam a2200373 i 4500
001 193492
003 SpMaBN
005 20240908063117.0
007 ta
008 240102s2020 sp | |||| 000 p spa
017 _aM 8040-2020
_bOficina Depósito Legal Madrid
020 _a9788496322998
035 _aa6873731
040 _aSpMaBN
_bspa
_cSpMaBN
_erda
_dEs-MaACL
080 _a821.134.2-14"19"
100 0 _aMorales Barba, Rafael,
_d1958-
_983016
_eaut
245 1 0 _aAquitania /
_cRafael Morales Barba.
250 _a1ª edición: 2020
264 1 _aAlpedrete (Madrid) :
_bEdiciones de La Discreta,
_c[2020]
300 _a56 páginas ;
_c22 cm
336 _aTexto
_2rdacontent
337 _asin mediación
_2rdamedia
338 _avolumen
_2rdacarrier
490 1 _aBastardilla
520 _aSi la poesía se identifica con un aura de misterio, Aquitania cumple con creces esa exigente condición. La predilección por paisajes oscuros contribuye a dibujar un contexto impreciso y oscilante. Pero no se trata de un decorado más o menos romántico, sino de una proyección o manifestación o exteriorización de pensamientos o emociones (muy contenidas) de una voz poética que busca la palabra precisa, el verso justo, y que evita no ya el desbordamiento expresivo sino todo lo que pueda recordarlo. Nada debe sobrar y Aquitania se vale de una estética hecha de fragmentos para atrapar al lector en una tupida red de sentidos. Nada debe sonar falso, o retórico, o épico, sino que debe ser y sobre todo parecer sencillo, ajustado, claro […]. También sin muchos detalles. La memoria es fragmentaria y nebulosa, pero las cosas, el paisaje, los animales, tienen un poder evocador, a menudo misteriosamente triste. Pero Aquitania no es un rompecabezas, no hay un conjunto determinado de piezas para armar, y sobre todo no hay un mensaje final, ni un retrato, ni siquiera un mundo: sensaciones vaporosas que definen una poética muy ajustada, muy eficaz para unas “luces sin enigmas”.
655 7 _aPoesías
_2tgfbne
_9176539
830 _aBastardilla
_9234796
852 _aES-MaACL
_bR.154825
_cDEPOJ
_jN-9692
_hDonación: Rafael Montes
_9200971
_gDedicatoria autógrafa del autor
_xEncuadernación rústica con solapas
903 _983016
_aMorales Barba, Rafael,
_d1958-
_ednr
942 _n0
_cMONOGRAFIA
999 _c193492
_d193492